| 000 | 01370cam a2200325 a 4500 | ||
|---|---|---|---|
| 005 | 20260322212055.0 | ||
| 008 | data | ||
| 010 | _a 97036047 | ||
| 020 | _a1558744525 (trade paper) | ||
| 020 | _a155874469X (hardcover) | ||
| 020 | _a9781558744523 (trade paper) | ||
| 020 | _a9781558744691 (hardcover) | ||
| 040 |
_aDLC _cDLC _dDLC |
||
| 050 | 0 | 0 |
_aBJ1597 _b.C57 1997 |
| 082 | 0 | 0 |
_a814/.54 _221 |
| 092 | _a814 Cla 1997 | ||
| 100 | 1 |
_aClark, Dan, _d1955- |
|
| 245 | 1 | 0 |
_aPuppies for sale, and other inspirational tales : _ba "litter" of stories & anecdotes that hug the heart & snuggle the soul / _cDan Clark & Michael Gale. |
| 260 |
_aDeerfield Beach, Fla. : _bHealth Communications, _cc1997. |
||
| 300 |
_axvi, 336 p. : _bill. ; _c22 cm. |
||
| 650 | 0 | _aConduct of life. | |
| 700 | 1 | _aGale, Michael. | |
| 856 | 4 | 2 |
_3Publisher description _uhttp://www.loc.gov/catdir/enhancements/fy0727/97036047-d.html |
| 856 | 4 | 1 |
_3Sample text _uhttp://www.loc.gov/catdir/enhancements/fy0827/97036047-s.html |
| 906 |
_a7 _bcbc _corignew _d1 _eocip _f19 _gy-gencatlg |
||
| 920 | _a**LC HAS REQ'D # OF SHELF COPIES** | ||
| 991 |
_bc-GenColl _hBJ1597 _i.C57 1997 _tCopy 1 _wBOOKS |
||
| 001 | data | ||
| 999 |
_c1308 _d1308 |
||